000 00565nam a2200133Ia 4500
008 171212s9999 xx 000 0 und d
020 _a9780874212419
100 _aBlack, Laurel
245 _cBlack, Laurel
_aBetween Talk And Teaching
_bReconsidering the Writing Conference
260 _bUniversity Press of Colorado
_c1998
650 _aEducation
650 _aEnglish language -- Rhetoric -- Study and teaching; Report writing -- Study and teaching (Higher); Teacher-student relationships; Tutors and tutoring
856 _uwww.jstor.org/stable/10.2307/j.ctt46nwx4
999 _c353037
_d353037